Регионална библиотека "Любен Каравелов" - Русе

Александринска поезия (Запис номер 343297)

MARC детайли
000 -Лидер
Контролно поле с фиксирана дължина 01001nam a2200277 c 4500
003 - Код на организацията, давaща контролен номер
Контролно поле BLK
005 - Дата и час на последна редакция
Контролно поле 20191007161106.0
008 - Елементи от данни с фиксирана дължина
fixed length control field 180911b bul|||||r ||||||| ||bul||
010 ## - Наследен системен номер
LC control number 002958
040 ## - Източник на каталожния запис
Идентификатор на билиотеката - собственик на записа BLK
041 ## - Код за език
Код за езика на текст/звукозапис или на отделно заглавие Гръцки
Код за езика КДБФ Български
080 ## - УДК
УДК - код + определител 875-1
100 1# - Редна дума - Автор
Автор Бешевлиев, Веселин
Авторска отговорност първи автор
R(LIN) 38855
245 00 - Сведения за заглавието
Заглавие Александринска поезия
Подзаглавни данни Избрани места от следкласическата епоха на старогръцката поезия
260 ## - Област на издателските данни
Място на издаване, разпространение и проч. София
Година на издаване 1935
Печатница Придворна печ.
300 ## - Физическа характеристика
Страници 243 с
Размери/Мащаб 24 см
380 ## - Жанр
Жанр Литературознание
490 ## - СЕРИИ (Колекции)
Име на серия Университетска библ
490 ## - СЕРИИ (Колекции)
Име на серия Частна колекция - Академик Михаил Арнаудов
Бележки за серията Дарение - Основен фонд
520 ## - Забележка за наличие на резюме, анотация и т.н
Анотация, рецензия, сканиран текст Михаил Арнаудов: подпис
655 ## - Ключова дума – жанр/разновидност
Данни за жанр/разновидност или ключова дума за фокус класическа литература
700 1# - Други автори (авторска отговорност)
Лично име В. Бешевлиев
9 (RLIN) 399424
852 ## - Местоположение
Форматна сигнатура МА 2989
999 ## - СИСТЕМНИ КОНТРОЛНИ НОМЕРА
Koha biblionumber 343297
Koha biblioitemnumber 343297
942 ## - АРТИКУЛИ
Вид на библиотечния материал Книги
Скрит в OPAC Не
Периодичен библиозапис Да
944 ## - СЪЗДАВАНЕ И РЕДАКЦИЯ на ЗАПИСА
Създаване/Редакция Създаване
Дата на регистрацията/редакция 1994
999 ## - СИСТЕМНИ КОНТРОЛНИ НОМЕРА
Koha biblioitemnumber 343297
Наличности
Код за отписване Код за изгубен артикул Източник на класификационната схема Код за повреда Коз за рестрикции Код за отдаване Артикулен № Име на библиотеката - собственик Име на библиотеката, в която се намира в момента Статус (Текущо местоположение) Местоположение - отдел Цена в лева Номерация (Хронология) Инвентарен номер Систематично азбучна сигнатура Баркод Номер на екземпляра Цена в евро Служебен тип на артикула
  Не е изгубен Universal Decimal Classification Не е повреден без рестрикции Специални фондове ( старопечатни, редки и ценни, фонд М. Арнаудов) 743476 Регионална библиотека "Любен Каравелов" Русе Регионална библиотека "Любен Каравелов" Русе Фонд "Михаил Арнаудов" Фонд "Михаил Арнаудов" 100.00   589474 МА 2989 120000589474 1 51.13 Книги
Vip Innovations Ltd, Rousse, Bulgaria 2025